01488nam a22002057a 450000500170000000800410001702000180005804000070007604100080008308200200009110000180011124500360012926000550016530000300022036500530025052009090030365000350121265000150124770000200126220211025115521.0211025b ||||| |||| 00| 0 eng d a9788194790839 cAL aeng 223a153.8bMURP aJoseph Murphy aPower of Your Subconscious Mind aNew DelhibSrishti Publishers & Distributorsc2020 axii,219 p.bPBc19x13 cm. a3039b₹220.00c₹d₹275.00e20%f22-10-2021 aThe Power of Your Subconscious Mind is one of the most promising self improvement books that you can gift to yourself or your loved ones. This book is designed to help you improve your relationships, health, and also to give you an internal strength that makes every hurdle look small. The book brings together best of both the worlds – scientific research as well as spiritual wisdom. It used the combined ideas to explain how our subconscious mind has the power to change our lives. The book explains how by understanding and learning to control our subconscious mind, we can welcome a world of prosperity, happiness and success. This book will act as a guide and help you understand the depth of your subconscious, get rid of fears and attract what you desire simply by changing your beliefs. Having sold millions of copies, this book and its ideas have changed the lives of many all over the world. a Mental Process & Intelligence aPsychology aMURPHY (Joseph)